Statistics for Most Populous Subdivisions A-Z

Click here to take the quiz!

General Stats

  • This quiz has been taken 15 times
  • The average score is 14 of 26

Answer Stats

LetterPopulationMost Populous Subdivision% Correct
C39,538,223California
86%
N20,201,249New York
71%
W98,285,000West Bengal
71%
B123,695,000Bihar
64%
G126,012,510Guangdong
64%
P109,989,655Punjab
64%
S101,527,453Shandong
64%
U237,882,725Uttar Pradesh
64%
D42,607,000Dhaka Division
57%
E56,286,961England
57%
H99,365,519Henan
57%
M124,762,000Maharashtra
57%
T76,479,000Tamil Nadu
57%
Y47,209,277Yunnan
57%
A61,027,171Anhui
50%
J84,748,016Jiangsu
50%
K66,986,000Karnataka
50%
L42,591,407Liaoning
50%
R79,572,000Rajasthan
50%
X25,852,345Xinjiang
50%
F41,540,086Fujian
43%
Q5,923,000Qinghai
43%
Z64,567,588Zhejiang
43%
O44,076,000Odisha
36%
V8,654,542Virginia
36%
I24,049,155Inner Mongolia
21%

Score Distribution

Percentile by Number Answered

Percent of People with Each Score

Your Score History

You have not taken this quiz